Parabòlic Gaudí : El mapping del Palau Güell = Parabólico Gaudí : el mapping del Palau Güell = Parabolic Gaudí : the mapping of Palau Güell = Parabolique Gaudí : le mapping du Palau Güell
Descripción Física:
1 fulletó ; il·lustració color ; 21 cm
Idioma:
Catalán , Español , English , French
MARC
| LEADER | 00000nam a22000007a 4500 | ||
|---|---|---|---|
| 001 | 27859 | ||
| 003 | Arxiu | ||
| 005 | 20260324181516.0 | ||
| 008 | 230515b spa||||| |||| 00| 0 cat d | ||
| 017 | |a B 2323-2018 | ||
| 040 | |a agdb |b cat | ||
| 041 | |a cat |a spa |a eng |a fre | ||
| 245 | |a Parabòlic Gaudí : El mapping del Palau Güell = Parabólico Gaudí : el mapping del Palau Güell = Parabolic Gaudí : the mapping of Palau Güell = Parabolique Gaudí : le mapping du Palau Güell | ||
| 260 | |a Barcelona : |b Palau Güell : |b Diputació de Barcelona ; |c 2018 | ||
| 300 | |a 1 fulletó ; |b il·lustració color ; |c 21 cm | ||
| 610 | 2 | 0 | |a Palau Güell (Barcelona) |v Guies |x Activitats culturals |
| 710 | 2 | |9 17034 |a Palau Güell (Barcelona) | |
| 710 | 1 | |a Barcelona (Catalunya : Província). |b Diputació |9 52408 | |
| 942 | |2 udc |c ARXIU |n 1 | ||
| 952 | |0 0 |1 0 |2 udc |4 0 |6 FU7583 |7 1 |9 66318 |a Arxiu |b Arxiu |d 2023-05-15 |l 0 |o FU-75-83 |p 27859 |r 2023-05-15 00:00:00 |w 2023-05-15 |y ARXIU | ||
| 999 | |c 83445 |d 83445 | ||